15 Ciudades más grandes de la República Checa y Eslovaquia - Estadísticas

Estadísticas generales
  • Esta prueba ha sido intentada 20 veces
  • La puntuación promedio es 7 de 15
Respuestas en el mapa
Las respuestas están codificadas por una escala verde-roja en el mapa de la prueba según el % correcto abajo.
 
Estadísticas de respuestas
Pais Ciudad Población % Correcto
Eslovaquia Bratislava 480 mille
100%
República Checa Praga 1,4 millon
100%
República Checa Brno 400 mille
80%
Eslovaquia Kosice 225 mille
65%
República Checa Ostrava 280 mille
65%
República Checa Pilsen 190 mille
65%
República Checa Liberec 100 mille
35%
República Checa České Budějovice 100 mille
25%
República Checa Hradec Kralove 95 mille
25%
República Checa Olomouc 100 mille
25%
Eslovaquia Žilina 80 mille
25%
Eslovaquia Nitra 75 mille
20%
República Checa Pardubice 90 mille
20%
Eslovaquia Prešov 80 mille
15%
República Checa Ústí nad Labem 90 mille
15%
No se encontraron pruebas coincidentes
Distribución de puntuación
Porcentaje de gente con cada puntuación
Porcentaje por número respondido
Historial de tus puntuaciones
No has intentado esta prueba.